• 首页
  • 本馆介绍
  • 公告通知
  • 最新文献
  • 馆藏检索
  • 电子资源
  • 读者导购
  • 参考咨询
  • 我的图书馆
  • 登录
  • 详细信息显示
  • 放入我的书架
  • 预约/预借图书
  • 作者相关作品
  • 分类相关作品
  • 丛书相关作品
  • 出版社相关作品

书目信息

  • 表格格式
  • 工作单格式
  • 卡片格式
题名:
市场营销原理与决策
    
 
作者: 黑斯 著 ;韩佩璋 , 胡士廉 译
分册:  
出版信息: 北京   机械工业出版社  1983
页数: 304页
开本: 25cm
丛书名: 现代管理译丛
单 册:
中图分类: F713.5
科图分类:
主题词: 市场营销学
电子资源:
ISBN:
000 00868nam2 2200289 45
001 0183009236
005 20060513091435.34
010    @dCNY3.10
091    @a15033.6597
100    @a19950720d1983 emky0chiy0121 ea
101 1  @achi@ceng
102    @aCN@b110000
105    @ay z 000yy
200 10 @a市场营销原理与决策@Ashi chang ying xiao yuan li yu jue ce@f(美)里查德·黑斯等著@F(mei)li cha de·hei si deng zhu@g韩佩璋,胡士廉译
210    @a北京@c机械工业出版社@d1983
215    @a304页@d25cm
225 2  @a现代管理译丛
410  0 @120010@a现代管理译丛
510 1  @aBasic marketing concepts and decisions@zeng
606    @a市场营销学
690    @aF713.5@v3
701  0 @a黑斯@Ahei si@4著
702  0 @a韩佩璋@Ahan pei zhang@4译
702  0 @a胡士廉@Ahu shi lian@4译
801  2 @aCN@bNLC@c20060513
801  0 @aCN@bTSSF
905    @a10447@dF713.5@e18
    
    市场营销原理与决策/(美)里查德·黑斯等著/韩佩璋,胡士廉译.-北京:机械工业出版社,1983
    304页;25cm.-(现代管理译丛)
    
    
    ISBN :CNY3.10
    
●
相关链接 在E读中查询图书 在五车中查询图书 在当当中查询图书 在豆瓣中查询图书


正题名:市场营销原理与决策     索取号:F713.5/18         预约/预借

序号 登录号 条形码 馆藏地/架位号 状态 备注
1 0099650   202312452   密集书库/ [索取号:F713.5/18] 在馆    
唐山师范学院图书馆 欢迎您!
大连网信软件有限公司© 版权所有